00716nam a2200217Ia 4500008004100000020001500041040001800056041000800074100002800082245009900110250001300209260006000222300001800282490001300300650002700313650001600340650001500356650002800371700003300399765006600432130821s2006 mx gr spa  a9682315093 aCo-BoUCMbspa00aspa1 aBerman, Marshalld1940-10aTodo lo sólido se desvanece en el aire la experiencia de la modernidadcpor Marshall Berman a16a. ed. aMéxico D.F. (México)bSiglo Ventiuno Editoresc2006 a386 páginas aTeoría04aCivilización moderna04aFilosofía04aModernidad04aModernismo (Literatura)1 aMorales Vidal, Andreaetrad. aAll that is coild melts into air. the experience of modernity